000
00225 a2200097 4500
001
44321
100
_a
Benediet
245
_a
Electronics for scientists & Engineers
260
_a
N J
_b
Prentice Hall
_c
090
_c
28071
_d
28071
942
_a
NUST-CAE
_c
M
_c
20082
999
_c
279394
_d
279394